000 00296nam a2200109Ia 4500
008 171211s9999 xx 000 0 und d
245 4 _aThe Complete Jewelry Making Course
245 _cJinks McGrath
260 _c2007
650 _xHobbies
856 _uhttp://down.ebook777.com/064/0764136607.pdf
999 _c350327
_d350327